कणव (Record no. 38874)

MARC details
000 -LEADER
fixed length control field 00456nam a2200181Ia 4500
008 - FIXED-LENGTH DATA ELEMENTS--GENERAL INFORMATION
fixed length control field 090123s9999 xx 000 0 und d
082 ## - DEWEY DECIMAL CLASSIFICATION NUMBER
Item number 787
100 ## - MAIN ENTRY--PERSONAL NAME
Personal name देसाई रणजित
245 ## - TITLE STATEMENT
Title कणव
250 ## - EDITION STATEMENT
Edition statement 1
260 ## - PUBLICATION, DISTRIBUTION, ETC. (IMPRINT)
Name of publisher, distributor, etc देशमुख रा.ज.
300 ## - PHYSICAL DESCRIPTION
Extent 421
600 ## - SUBJECT ADDED ENTRY--PERSONAL NAME
Personal name देसाई रणजित
630 ## - SUBJECT ADDED ENTRY--UNIFORM TITLE
Uniform title कणव
700 ## - ADDED ENTRY--PERSONAL NAME
Personal name देसाई रणजित
730 ## - ADDED ENTRY--UNIFORM TITLE
Uniform title कणव
942 ## - ADDED ENTRY ELEMENTS (KOHA)
Koha item type Book
Holdings
Withdrawn status Lost status Damaged status Not for loan Home library Current library Date acquired Cost, normal purchase price Total Checkouts Full call number Barcode Date last seen Cost, replacement price Price effective from Koha item type
      Added to bundle Jawahar Wachalanalaya, Kalwa Jawahar Wachalanalaya, Kalwa 03/31/2003 10.00   787 KLW-787 01/23/2009 10.00 01/23/2009 Book